000 00936nam1a22002411i 4500
001 rc\4923599
005 20240921131009.0
035 _a(NLR Aleph) 008942116
090 _a8952156
_c8952156
100 _a20130426d1959 |||y0rusy50 ca
101 0 _arus
102 _aRU
105 _ay z |||||
200 1 _aКиргизская лексикология
_e[Учеб. пособие по кирг. яз. для студентов филол. фак. вузов]
_eЧ. 1-
_fКирг. гос. ун-т
210 _aФрунзе
_cКиргизучпедгиз
_d1959
215 _d23
606 _aКиргизский язык
_xЛексика
_jУчебники и пособия
_2psbo
700 1 _7ca
_8rus
_aЮнусалиев
_bБ. М.
_f1913-1970
_gБолот Мураталиевич
_9208607
_3RU\NLR\AUTH\770208661
801 0 _aRU
_bNLR
_gpsbo
801 1 _aRU
_bELAR
_2rusmarc
852 _aNLR
_j59-5/5131
942 _cBOOK